Ideqqi (Record no. 435)

MARC details
000 -CABECERA
campo de control de longitud fija 00940nam a2200205 a 4500
001 - NÚMERO DE CONTROL
campo de control BRCA_502
005 - FECHA Y HORA DE LA ÚLTIMA TRANSACCIÓN
campo de control 20190320203033.0
008 - DATOS DE LONGITUD FIJA--INFORMACIÓN GENERAL
campo de control de longitud fija 110408s2007----fr-a---###---#000-0#fre-#
020 ## - NÚMERO INTERNACIONAL ESTÁNDAR DEL LIBRO
Número Internacional Estándar del Libro 9782915133592
050 #4 - SIGNATURA TOPOGRÁFICA DE LA BIBLIOTECA DEL CONGRESO
Número de clasificación NK4267
Número de documento/Ítem .I34 2007
245 10 - MENCIÓN DE TÍTULO
Título Ideqqi
Resto del título art de femmes berbères.
260 ## - PUBLICACIÓN, DISTRIBUCIÓN, ETC.
Lugar de publicación, distribución, etc. París
Nombre del editor, distribuidor, etc. 5 Continentes : Musée du quai Branly
Fecha de publicación, distribución, etc. 2007
300 ## - DESCRIPCIÓN FÍSICA
Extensión 95 p.
Otras características físicas il. (algunas a color), fotografías, mapas
Dimensiones 26 cm.
500 ## - NOTA GENERAL
Nota general Catálogo de la exposición realizada en el Musée du quai Branly (París), 19 junio-16 septiembre, 2007
504 ## - NOTA DE BIBLIOGRAFÍA, ETC.
Nota de bibliografía, etc. Bibliografía : p. 93-94
520 3# - SUMARIO, ETC.
Sumario, etc. Ideqqi, voz africana que significa alfarería, da nombre a esta exposición de piezas africanas elaboradas por mujeres de la etnia berbère (ubicada principalmente en Marruecos y Argelia)
650 14 - PUNTO DE ACCESO ADICIONAL DE MATERIA--TÉRMINO DE MATERIA
Término de materia o nombre geográfico como elemento de entrada Cerámica de barro
Subdivisión cronológica Siglo XIX y XX
Subdivisión geográfica Africa del Norte
9 (RLIN) 1727
650 14 - PUNTO DE ACCESO ADICIONAL DE MATERIA--TÉRMINO DE MATERIA
Término de materia o nombre geográfico como elemento de entrada Alfarería
Subdivisión general Etnia Berbère
Subdivisión geográfica Africa del Norte
9 (RLIN) 1728
942 ## - ELEMENTOS DE PUNTO DE ACCESO ADICIONAL (KOHA)
Fuente del sistema de clasificación o colocación Library of Congress Classification
Tipo de ítem Koha Libros
Holdings
Estado de retiro Estado de pérdida Estado dañado No para préstamo Localización permanente Ubicación/localización actual Fecha de adquisición Total de préstamos Signatura topográfica completa Código de barras Fecha visto por última vez Precio válido a partir de Tipo de ítem Koha
El ejemplar forma parte de la colección y puede ser consultado según las políticas vigentes.       Biblioteca del Museo Franz Mayer (Rogerio Casas-Alatriste) Biblioteca del Museo Franz Mayer (Rogerio Casas-Alatriste) 25/06/2008   NK4267 .I34 2007 00802 22/03/2019 22/03/2019 Libros